Uruguay National Football Team - Statistics

General Stats
  • This quiz has been taken 1,062 times
    272 since last reset
  • The average score is 7 of 17
Answer Stats
Goals Caps Player % Correct
69 143 Luis Suárez
100%
58 136 Edinson Cavani
95%
36 112 Diego Forlán
88%
8 161 Diego Godín
82%
0 133 Fernando Muslera
68%
8 97 José Giménez
59%
11 110 Cristian Rodríguez
32%
4 116 Martín Cáceres
29%
9 95 Diego Lugano
27%
3 125 Maxi Pereira
27%
26 70 Sebastián Abreu
21%
31 51 Héctor Scarone
9%
22 53 Fernando Morena
5%
27 39 Óscar Míguez
5%
22 64 Carlos Aguilera
3%
24 28 Pedro Petrone
3%
28 69 Ángel Romano
2%
No matching quizzes found
Score Distribution
Percent of People with Each Score
Percentile by Number Answered
Your Score History
You have not taken this quiz since the last reset